LDR 00650naa#a2200157#i#450# 001 RU\\bibl\126749 005 20260701074522.3 011 ## _a2542-1840 100 ## _a20260630b2026####ek#y0rusy0150####ca 102 ## _aRU 200 1# _aИнформационные права и обязанности бенефициарного владельца корпорации _eЖурнальная статья 210 1# _aКемерово _cКемеровский государственный университет _d2026 215 ## _a8 с. 608 ## _aЖурнальная статья _2local 700 #1 _aГорбачук _gВиктор 856 4# _avestnik-bees.kemsu.ru _u